<?xml version="1.0" encoding="UTF-8"?>
<collection xmlns="http://www.loc.gov/MARC21/slim">
    <record>
        <controlfield tag="001">58529</controlfield>
        <controlfield tag="005">20170117133944.0</controlfield>
        <datafield tag="024" ind1="8" ind2=" ">
            <subfield code="2">sideral</subfield>
            <subfield code="a">88492</subfield>
        </datafield>
        <datafield tag="037" ind1=" " ind2=" ">
            <subfield code="a">ART-2014-88492</subfield>
        </datafield>
        <datafield tag="041" ind1=" " ind2=" ">
            <subfield code="a">eng</subfield>
        </datafield>
        <datafield tag="100" ind1=" " ind2=" ">
            <subfield code="a">Serra Puyal, José Ramón</subfield>
        </datafield>
        <datafield tag="245" ind1=" " ind2=" ">
            <subfield code="a">Influences from “significant others” for physical activity practice in teenagers (Influencias de otros significativos para la práctica de actividad física en adolescentes)</subfield>
        </datafield>
        <datafield tag="260" ind1=" " ind2=" ">
            <subfield code="c">2014</subfield>
        </datafield>
        <datafield tag="506" ind1="0" ind2=" ">
            <subfield code="a">Access copy available to the general public</subfield>
            <subfield code="f">Unrestricted</subfield>
        </datafield>
        <datafield tag="520" ind1="3" ind2=" ">
            <subfield code="a">OBJECTIVE: To assess social influence (social support, social influence and as a model) exerted by "significant others" (father, mother, friends, physical education teacher) in physical activity by gender and cycle, of a representative sample of students in the province of Huesca enrolled in secondary education.
MATERIAL AND METHOD: The sample analysis was comprised of 831 individuals from Huesca High School (45.7% men, 54.3% women), between 12 and 16 years old. They answered an adapted version of “Four by one-day Physical Activity Questionnaire” and “Cuestionario de influencias sobre la Actividad Física y la Salud” (Questionnaire about influences on Physical Activity and Health).
RESULTS: By a regression process, we obtained a mathematical model where the influence of the physical activity teacher as reference and the social influence of friends explained 11.2% of the physical activity carried out.
DISCUSSION: The influence of the physical activity teacher and support from friends were highlighted as positive factors for engaging in physical activity. 

OBJETIVO: Examinar la influencia social (apoyo social, influencia social e influencia como modelo)  de los “otros significativos” (padre, madre, amigos, profesor de educación física) en la práctica de actividad física según género y ciclo, en sujetos adolescentes.
MATERIAL Y MÉTODOS: 831 sujetos de la provincia de Huesca (45,7% hombres y 54,3% mujeres) de entre 12 y 16 años. Contestaron a una adaptación del cuestionario “Four by one-day Physical Activity Questionaire” y al “Cuestionario de influencias sobre la Actividad Física y la Salud”.
RESULTADOS: La influencia del profesor de educación física como modelo y la influencia social de los amigos explicaron el 11,2% de la actividad física realizada. Se obtuvieron diferencias significativas para los referentes de género en todos los tipos de influencias sociales.
DISCUSIÓN: El apoyo e influencia social diferenciado por parte de los progenitores, en función del género o edad de sus hijos, parece demostrar la importancia que tienen los referentes de género y los estereotipos sexuales, en la influencia sobre la práctica de actividad física en población adolescente.</subfield>
        </datafield>
        <datafield tag="540" ind1=" " ind2=" ">
            <subfield code="9">info:eu-repo/semantics/openAccess</subfield>
            <subfield code="a">by-nc-nd</subfield>
            <subfield code="u">http://creativecommons.org/licenses/by-nc-nd/3.0/es/</subfield>
        </datafield>
        <datafield tag="590" ind1=" " ind2=" ">
            <subfield code="a">0.146</subfield>
            <subfield code="b">2014</subfield>
        </datafield>
        <datafield tag="591" ind1=" " ind2=" ">
            <subfield code="a">SPORT SCIENCES</subfield>
            <subfield code="b">81 / 81 = 1.0</subfield>
            <subfield code="c">2014</subfield>
            <subfield code="d">Q4</subfield>
            <subfield code="e">T3</subfield>
        </datafield>
        <datafield tag="655" ind1=" " ind2="4">
            <subfield code="a">info:eu-repo/semantics/article</subfield>
            <subfield code="v">info:eu-repo/semantics/publishedVersion</subfield>
        </datafield>
        <datafield tag="700" ind1=" " ind2=" ">
            <subfield code="0">(orcid)0000-0002-9761-1953</subfield>
            <subfield code="a">Zaragoza Casterad, Javier</subfield>
            <subfield code="u">Universidad de Zaragoza</subfield>
        </datafield>
        <datafield tag="700" ind1=" " ind2=" ">
            <subfield code="a">Generelo Lanaspa, Eduardo</subfield>
        </datafield>
        <datafield tag="710" ind1="2" ind2=" ">
            <subfield code="1">3001</subfield>
            <subfield code="2">187</subfield>
            <subfield code="a">Universidad de Zaragoza</subfield>
            <subfield code="b">Departamento de Expresión Musical, Plástica y Corporal</subfield>
            <subfield code="c">Didáctica de la Expresión Corporal</subfield>
        </datafield>
        <datafield tag="773" ind1=" " ind2=" ">
            <subfield code="g">14, 56 (2014), 735-753</subfield>
            <subfield code="p">Rev. int. med. cienc. act. fís. deporte</subfield>
            <subfield code="t">REVISTA INTERNACIONAL DE MEDICINA Y CIENCIAS DE LA ACTIVIDAD FISICA Y DEL DEPORTE</subfield>
            <subfield code="x">1577-0354</subfield>
        </datafield>
        <datafield tag="856" ind1="4" ind2="1">
            <subfield code="u">http://cdeporte.rediris.es/revista/revista56/artinfluencia509.pdf</subfield>
            <subfield code="z">Texto completo de la revista</subfield>
        </datafield>
        <datafield tag="856" ind1="4" ind2=" ">
            <subfield code="s">348980</subfield>
            <subfield code="u">http://zaguan.unizar.es/record/58529/files/texto_completo.pdf</subfield>
            <subfield code="y">Versión publicada</subfield>
        </datafield>
        <datafield tag="856" ind1="4" ind2=" ">
            <subfield code="s">94421</subfield>
            <subfield code="u">http://zaguan.unizar.es/record/58529/files/texto_completo.jpg?subformat=icon</subfield>
            <subfield code="x">icon</subfield>
            <subfield code="y">Versión publicada</subfield>
        </datafield>
        <datafield tag="909" ind1="C" ind2="O">
            <subfield code="o">oai:zaguan.unizar.es:58529</subfield>
            <subfield code="p">articulos</subfield>
            <subfield code="p">driver</subfield>
        </datafield>
        <datafield tag="951" ind1=" " ind2=" ">
            <subfield code="a">2017-01-17-13:24:18</subfield>
        </datafield>
        <datafield tag="980" ind1=" " ind2=" ">
            <subfield code="a">ARTICLE</subfield>
        </datafield>
    </record>

    
</collection>